| 000 | 00443nam a2200169Ia 4500 | ||
|---|---|---|---|
| 003 | SGT | ||
| 020 | _a9789351402442 | ||
| 082 | _a530,GUP | ||
| 100 | _aGUPTA, S.L | ||
| 245 | _aPRACTICAL PHYSICS | ||
| 250 | _a22ND | ||
| 260 |
_bPragati Prakashan _aNew Delhi _c2014 |
||
| 300 | _aV.p. | ||
| 650 | _aPRACTICAL PHYSICS, PHYSICS | ||
| 653 | _aPROPERTIES OF MATTER (MECHANICS), SOUND, HEAT, LIGHT, ELECTRICITY, ELECTRONICS, | ||
| 942 |
_2ddc _cFPS |
||
| 999 |
_c6495 _d6495 |
||